Taman hutan hijau

Bibliographic Details
Main Authors: Ghazali Ngah Azia, JF SC MAL (752), Perintis pealan induk Ghazali Ngah Azia
Format: Book
Published: K.Lumpur : Penerbit Fajar Bakti SB , 1996
Series:Siri ketapang
Subjects:

MARC

LEADER 00000cam a2200000 7i4500
001 0000067253
005 20161020.0
008 161020
020 |a 9676527521 
090 0 0 |a JF   |b MAL 
100 1 |a Ghazali Ngah Azia 
100 1 |a JF   |b SC MAL (752) 
100 1 |a Perintis pealan induk   |c Ghazali Ngah Azia 
245 1 0 |a Taman hutan hijau   |c Ghazali Ngah Azia 
260 |a K.Lumpur :   |b Penerbit Fajar Bakti SB ,   |c 1996 
490 1 |a Siri ketapang 
500 |a Children ages 7-9 years old (orange) 
650 0 |a Junior fiction   |x Malay   |x Languages 
999 |a 0000797695   |b Book   |c Children Collection   |e Cawangan Segamat 
999 |a 0000799855   |b Book   |c Children Collection   |e Cawangan Pontian 
999 |a 0000817528   |b Book   |c Children Collection   |e Cawangan Bandar Penawar